[Event "Nord West Cup 05th"]
[Site "Bad Zwischenahn"]
[Date "2003.??.??"]
[Round "5"]
[White "Lammers, Philipp"]
[Black "Thimm, Torsten"]
[Result "1/2-1/2"]
[WhiteElo "1657"]
[BlackElo "1975"]
[PlyCount "51"]
[EventDate "2003.02.??"]
[EventType "swiss"]
[EventRounds "7"]
[EventCountry "GER"]
[SourceTitle "EXT 2004"]
[Source "ChessBase"]
[SourceDate "2003.11.25"]
[SourceVersion "1"]
[SourceVersionDate "2003.11.25"]
[SourceQuality "1"]

1. d4 d5 2. c4 c6 3. Nf3 e6 4. e3 Nf6 5. Nc3 Nbd7 6. Bd3 dxc4 7. Bxc4 b5 8. Bb3 Bb7 9. 0-0 a6 10. Qe2 c5 11. Rd1 Qc7 12. Bc2 Rc8 13. dxc5 Bxc5 14. Bb3 0-0 15. Bd2 Ba7 16. Rac1 Nc5 17. Bc2 Bb8 18. g3 Ba8 19. b4 Qb7 20. bxc5 Qxf3 21. Qxf3 Bxf3 22. Re1 Rfd8 23. Nb1 g6 24. Bb4 Bc7 25. Nd2 Bc6 26. Nb3 1/2-1/2

[Event "Nord West Cup 3rd"]
[Site "Oldenburg"]
[Date "2001.02.04"]
[Round "7"]
[White "Haase, Sven"]
[Black "Lammers, Philipp"]
[Result "1/2-1/2"]
[WhiteElo "1760"]
[BlackElo "1053"]
[PlyCount "117"]
[EventDate "2001.02.01"]
[EventType "swiss"]
[EventRounds "7"]
[EventCountry "GER"]
[SourceTitle "EXT 2010"]
[Source "ChessBase"]
[SourceDate "2010.11.25"]
[SourceVersion "1"]
[SourceVersionDate "2010.11.25"]
[SourceQuality "1"]

1. e4 c5 2. Nc3 g6 3. g3 Bg7 4. Bg2 e6 5. f4 d6 6. Nf3 Nc6 7. 0-0 Nge7 8. d3 0-0 9. Bd2 Nd4 10. Rb1 Nec6 11. Ne2 a5 12. c3 Nxf3+ 13. Bxf3 a4 14. Be3 b6 15. h4 h5 16. Kg2 Qc7 17. g4 hxg4 18. Bxg4 f5 19. Bf3 Kf7 20. h5 gxh5 21. Bxh5+ Ke7 22. Ng3 fxe4 23. Qg4 Kd8 24. dxe4 Qe7 25. Rh1 Rh8 26. Bg6 Kc7 27. Rxh8 Bxh8 28. Rh1 Qf8 29. Rh7+ Kb8 30. Qh3 Bf6 31. Rf7 Qd8 32. Qh6 Be7 33. Qh7 Ra7 34. Qg7 Bh4 35. Rxa7 Nxa7 36. f5 exf5 37. exf5 Bf6 38. Qf7 Nc6 39. Nh5 Bg5 40. Qe8 Qxe8 41. Bxe8 Bxe3 42. Bxc6 Bxf5 43. Bxa4 Kc7 44. Ng3 Bb1 45. a3 Bc1 46. b4 Bxa3 47. bxc5 bxc5 48. Kf3 Bc1 49. Ke2 d5 50. Kd1 Bh6 51. Ne2 Kd6 52. Be8 Ke5 53. Bf7 Bd3 54. Nc1 Bf5 55. Nb3 d4 56. cxd4+ cxd4 57. Nxd4 Kxd4 58. Ke2 Bd3+ 59. Kf3 1/2-1/2

[Event "Nord West Cup 3rd"]
[Site "Oldenburg"]
[Date "2001.02.03"]
[Round "5"]
[White "Walter, Stefan"]
[Black "Lammers, Philipp"]
[Result "1-0"]
[WhiteElo "1758"]
[BlackElo "1053"]
[PlyCount "59"]
[EventDate "2001.02.01"]
[EventType "swiss"]
[EventRounds "7"]
[EventCountry "GER"]
[SourceTitle "EXT 2010"]
[Source "ChessBase"]
[SourceDate "2010.11.25"]
[SourceVersion "1"]
[SourceVersionDate "2010.11.25"]
[SourceQuality "1"]

1. d4 Nf6 2. c4 c5 3. d5 b5 4. cxb5 a6 5. b6 d6 6. Nc3 a5 7. e4 Qxb6 8. Nf3 g6 9. Bd3 Bg7 10. 0-0 0-0 11. Nd2 e6 12. Nc4 Qd8 13. Bg5 Ba6 14. f4 Qd7 15. Nb6 Qb7 16. Nxa8 Qxa8 17. Bxa6 Qxa6 18. dxe6 fxe6 19. Qd2 Rf7 20. Rad1 Rd7 21. Qd3 Qb6 22. Kh1 Na6 23. Qc4 d5 24. exd5 exd5 25. Nxd5 Nxd5 26. Rxd5 Rxd5 27. Qxd5+ Kh8 28. Re1 Qxb2 29. Re8+ Bf8 30. Rxf8+ 1-0

[Event "Nord West Cup 3rd"]
[Site "Oldenburg"]
[Date "2001.02.02"]
[Round "2"]
[White "Wenke, Heiko"]
[Black "Lammers, Philipp"]
[Result "1/2-1/2"]
[WhiteElo "1710"]
[BlackElo "1053"]
[PlyCount "36"]
[EventDate "2001.02.01"]
[EventType "swiss"]
[EventRounds "7"]
[EventCountry "GER"]
[SourceTitle "EXT 2010"]
[Source "ChessBase"]
[SourceDate "2010.11.25"]
[SourceVersion "1"]
[SourceVersionDate "2010.11.25"]
[SourceQuality "1"]

1. c4 Nf6 2. Nc3 c5 3. Nf3 d5 4. cxd5 Nxd5 5. Qb3 e6 6. g3 b6 7. Bg2 Bb7 8. 0-0 Na6 9. Ne5 Be7 10. Qb5+ Kf8 11. f4 Nac7 12. Qb3 f6 13. Nf3 g6 14. Re1 Kf7 15. e4 Nb4 16. f5 c4 17. fxe6+ Nxe6 18. Qd1 Nd3 1/2-1/2